Hradec Králové : průvodce po architektonických památkách od středověku do současnosti /

Hlavní autor: Panoch, Pavel, 1974-
Další autoři: Bartoš, Štěpán, 1963-
Jazyk: Čeština
Vydáno: Praha : NLN, Nakladatelství Lidové noviny, 2015
Vydání: Vydání první
Témata:
Fyzický popis: 355 stran : barevné ilustrace ; 21 cm + 1 mapa (40 x 52 cm složeno na 20 x 13 cm)
Language note: Anglické resumé
Knihy
Uloženo v:
LEADER 02069nam a2200517 i 4500
001 nkc20152729095
003 CZ PrNK
005 20151130104451.0
007 ta
008 151005s2015 xr a e f 001 0 cze
015 |a cnb002729095 
020 |a 978-80-7422-326-6  |q (brožováno) :  |c Kč 349,00 
035 |a (OCoLC)928739746 
040 |a ABA001  |b cze  |e rda 
041 0 |a cze  |b eng 
043 |a e-xr---  |b e-xr-kr  |2 czenas 
072 7 |a 72  |x Architektura  |2 Konspekt  |9 21 
080 |a 72:904  |2 MRF 
080 |a (437.313)  |2 MRF 
080 |a (036)  |2 MRF 
100 1 |a Panoch, Pavel,  |d 1974-  |7 mzk2004217546  |4 aut 
245 1 0 |a Hradec Králové :  |b průvodce po architektonických památkách od středověku do současnosti /  |c Pavel Panoch ; fotografie Štěpán Bartoš 
246 3 |a Hradec Králové - průvodce po architektonických památkách od středověku do současnosti 
250 |a Vydání první 
264 1 |a Praha :  |b NLN, Nakladatelství Lidové noviny,  |c 2015 
300 |a 355 stran :  |b barevné ilustrace ;  |c 21 cm +  |e 1 mapa (40 x 52 cm složeno na 20 x 13 cm) 
336 |a text  |b txt  |2 rdacontent 
336 |a statický obraz  |b sti  |2 rdacontent 
337 |a bez média  |b n  |2 rdamedia 
338 |a svazek  |b nc  |2 rdacarrier 
504 |a Obsahuje bibliografii a rejstříky 
546 |a Anglické resumé 
650 0 7 |a architektonické památky  |7 ph118585  |z Česko  |2 czenas 
650 0 9 |a architectural monuments  |z Czechia  |2 eczenas 
651 7 |a Hradec Králové (Česko)  |7 ge129332  |2 czenas 
651 9 |a Hradec Králové (Czechia)  |2 eczenas 
655 7 |a průvodce  |7 fd133154  |2 czenas 
655 9 |a guidebooks  |2 eczenas 
700 1 |a Bartoš, Štěpán,  |d 1963-  |7 jn20001005044  |4 pht 
910 2 |a BOA001  |b 2-1354.618 
928 9 |a Nakladatelství Lidové noviny 
990 |a BK 
995 |a 01 
991 |b 201510  |c NOV  |e n 
996 6 |b 2610647322  |c 2-1354.618  |l MZK  |r Sklad / do 1 hodiny  |n 4  |p p.v.  |w 001526801  |u 000010  |a 1  |e BOA001  |j MZK50  |s P 
996 7 |b 2610648809  |c 2-1354.618  |l MZK  |r Sklad / do 1 hodiny  |n 7  |p kup  |w 001526801  |u 000020  |a 1  |e BOA001  |j MZK50  |s A